000 01119nam0a22002651 4500
001 v19\rc\1237838
005 20250617231519.0
035 _a(NLR Aleph) 004396348
090 _a3819468
_c3819468
100 _a20060306e18841884|||y0rusy50 ca
101 0 _arus
102 _aRU
105 _ay z |||||
200 1 _aО кресле с подвижной спинкой для искусственного дыхания
_eСообщ. П.В. Путилова
_e(Чит. в заседании Казан. общ. врачей 23 янв. 1884 г.)
210 _aКазань
_cУнив. тип.
_d[1884]
215 _a4 с.
_d25
309 _aБез тит. л. и обл.
311 _aИз "Дневн." Каз. общ. врачей. 1884 г. № 6
488 0 _12001#$aДневник Казанского общества врачей$v1884, № 6
_tДневник Казанского общества врачей
700 1 _aПутилов
_bП.В.
_f1845-
_gПавел Васильевич
801 0 _aRU
_bNLR
_gpsbo
801 1 _aRU
_bProSoft-M
_2rusmarc
852 _aNLR
_j18.171.7.93
942 _cBOOK
980 _aNB